00165nam a2200073Ia 4500008004100000082000800041100001300049245002900062240331s9999 xx 000 0 und d bASO aAsoka, M 0aPathai mariya payanangal